Countries of the World Without Map - Statistics

General Stats
  • This quiz has been taken 17 times
  • The average score is 171 of 196
Answer Stats
Country % Correct
Afghanistan
100%
Andorra
100%
Argentina
100%
Austria
100%
Azerbaijan
100%
Bangladesh
100%
Belarus
100%
Belize
100%
Bosnia and Herzegovina
100%
Brazil
100%
Brunei
100%
Cambodia
100%
Canada
100%
Chile
100%
Colombia
100%
Croatia
100%
Czech Republic
100%
East Timor
100%
Estonia
100%
Finland
100%
France
100%
Georgia
100%
Germany
100%
Honduras
100%
Iran
100%
Iraq
100%
Ireland
100%
Israel
100%
Italy
100%
Kosovo
100%
Kuwait
100%
Latvia
100%
Lithuania
100%
Malaysia
100%
Malta
100%
Mexico
100%
Moldova
100%
Monaco
100%
Netherlands
100%
Nicaragua
100%
North Korea
100%
North Macedonia
100%
Norway
100%
Oman
100%
Pakistan
100%
Panama
100%
Poland
100%
Portugal
100%
Russia
100%
San Marino
100%
Saudi Arabia
100%
Serbia
100%
Singapore
100%
Slovakia
100%
Slovenia
100%
South Korea
100%
Spain
100%
Sweden
100%
Switzerland
100%
Turkmenistan
100%
Ukraine
100%
United Arab Emirates
100%
United Kingdom
100%
United States
100%
Uruguay
100%
Vatican City
100%
Vietnam
100%
Yemen
100%
Albania
90%
Algeria
90%
Angola
90%
Australia
90%
Bahrain
90%
Belgium
90%
Cameroon
90%
China
90%
Costa Rica
90%
Cuba
90%
Cyprus
90%
Denmark
90%
Dominica
90%
Dominican Republic
90%
Ecuador
90%
Egypt
90%
El Salvador
90%
Greece
90%
Guatemala
90%
Guyana
90%
Hungary
90%
Iceland
90%
India
90%
Indonesia
90%
Jamaica
90%
Jordan
90%
Laos
90%
Lebanon
90%
Lesotho
90%
Libya
90%
Luxembourg
90%
Mali
90%
Montenegro
90%
Morocco
90%
Nepal
90%
New Zealand
90%
Paraguay
90%
Peru
90%
Qatar
90%
Romania
90%
South Africa
90%
South Sudan
90%
Sri Lanka
90%
Sudan
90%
Suriname
90%
Syria
90%
Tajikistan
90%
Tunisia
90%
Turkey
90%
Uzbekistan
90%
Antigua and Barbuda
80%
Armenia
80%
Bahamas
80%
Barbados
80%
Bolivia
80%
Botswana
80%
Bulgaria
80%
Burundi
80%
Djibouti
80%
Eritrea
80%
Eswatini
80%
Ethiopia
80%
Fiji
80%
Gabon
80%
Ghana
80%
Grenada
80%
Guinea
80%
Guinea-Bissau
80%
Haiti
80%
Kazakhstan
80%
Kenya
80%
Kyrgyzstan
80%
Liberia
80%
Liechtenstein
80%
Malawi
80%
Maldives
80%
Mongolia
80%
Myanmar
80%
Namibia
80%
Niger
80%
Nigeria
80%
Saint Lucia
80%
Saint Vincent and the Grenadines
80%
Samoa
80%
Senegal
80%
Seychelles
80%
Somalia
80%
Taiwan
80%
Thailand
80%
Togo
80%
Tonga
80%
Trinidad and Tobago
80%
Tuvalu
80%
Uganda
80%
Vanuatu
80%
Venezuela
80%
Zambia
80%
Bhutan
70%
Burkina Faso
70%
Cape Verde
70%
Central African Republic
70%
Chad
70%
Comoros
70%
Democratic Republic of the Congo
70%
Equatorial Guinea
70%
Federated States of Micronesia
70%
Gambia
70%
Ivory Coast
70%
Japan
70%
Kiribati
70%
Madagascar
70%
Marshall Islands
70%
Nauru
70%
Palau
70%
Papua New Guinea
70%
Republic of the Congo
70%
Rwanda
70%
Saint Kitts and Nevis
70%
São Tomé and Príncipe
70%
Zimbabwe
70%
Benin
60%
Mozambique
60%
Philippines
60%
Solomon Islands
60%
Tanzania
60%
Mauritania
50%
Mauritius
50%
Sierra Leone
50%
No matching quizzes found
Score Distribution
Percent of People with Each Score
Percentile by Number Answered
Your Score History
You have not taken this quiz